Loading...
| History - World History | 5 | 1 | 0 | 0 | 85 | 47 | 67.50 | 2 | 5 |
| History - European History | 1 | 3 | 1 | 0 | 40 | 29 | 61.50 | 2 | 4 |
| Science - Other Science | 1 | 0 | 0 | 0 | 15 | 19 | 19.00 | 0 | 1 |
| Social Science | 1 | 0 | 1 | 0 | 10 | 15 | 15.00 | 0 | 1 |
| Philosophy | 0 | 1 | 0 | 0 | 10 | 64 | 64.00 | 0 | 1 |
| Fine Arts - Visual Fine Arts | 0 | 1 | 0 | 0 | 10 | 122 | 122.00 | 0 | 1 |
| Mythology | 0 | 1 | 1 | 0 | 5 | 104 | 104.00 | 1 | 1 |
| History - American History | 0 | 1 | 2 | 0 | 0 | 96 | 96.00 | 0 | 1 |
| Geography | 0 | 0 | 1 | 0 | -5 | 0.00 | 0 | 0 | |
| Religion | 0 | 0 | 1 | 0 | -5 | 0.00 | 0 | 0 | |
| History - Other History | 0 | 0 | 1 | 0 | -5 | 0.00 | 0 | 0 |